Detalles MARC
| 000 -LIDER |
| fixed length control field |
01119nam a22003257a 4500 |
| 001 - NÚMERO DE CONTROL |
| Identificador de número de control |
376428 |
| 003 - IDENTIFICACDOR DE NÚMERO DE CONTROL |
| control field |
DO-SdBNP |
| 005 - DATE AND TIME OF LATEST TRANSACTION |
| control field |
20230830120704.0 |
| 007 - CAMPOS FIJOS DE DESCRIPCIÓN FÍSICA |
| fixed length control field |
376428 |
| 008 - ELEMENTOS DE LONGITUD FIJA |
| fixed length control field |
991216s1999 sp | ||spa |
| 020 ## - ISBN |
| International Standard Book Number |
8437617529 |
| 040 ## - FUENTE DE CATALOGACIÓN |
| Agencia que crea de manera original el registro |
BPMSU |
| Idioma de catalogación |
spa |
| Agencia que realiza la transcripción |
BPMSU |
| 082 #4 - NÚMERO DE CLASIFICACIÓN DECIMAL DE DEWEY |
| Classification number |
843.8 |
| Item number |
F587t 1999 |
| Edition number |
22 |
| 100 1# - ASIENTO PRINCIPAL -- NOMBRE PERSONAL |
| Nombre personal |
Flaubert, Gustave, |
| Fechas asociadas con el nombre |
1821-1880. |
| 240 10 - TITULO UNIFORME |
| Idioma de una obra |
|
| 245 10 - MENCIÓN DE TITULO |
| Título |
Tres cuentos : |
| Subtítulo |
Un corazón sencillo ; La leyenda de San Julián el Hospitalario ; Herodías / |
| Mención de responsabilidad |
Gustave Flaubert ; edición de Germán Palacios ; traducción de Germán Palacios |
| 260 ## - PUBLICACIÓN, DISTRIBUCIÓN, ETC. (PIE DE IMPRENTA) |
| Lugar de publicación, distribución, etc |
Madrid : |
| Nombre del editor, distribuidor, etc. |
Cátedra |
| Fecha de publicación, distribución, etc |
1999 |
| 300 ## - DESCRIPCIÓN FÍSICA |
| Extensión |
121 p. ; |
| Dimensiones |
20 cm |
| 490 0# - MENCIÓN DE SERIES |
| Mención de serie |
Letras universales, |
| Volume/sequential designation |
284 |
| 504 ## - NOTA DE BIBLIOGRAFÍA, ETC. |
| Bibliography, etc |
Bibliografía: p. 21-22 |
| 505 1# - NOTA DE CONTENIDO |
| Texto normalizado de contenido |
Un corazón sencillo -- |
| Título |
La leyenda de San Julián el Hospitalario -- |
| -- |
Herodías. |
| 534 ## - NOTA SOBRE LA VERSIÓN ORIGINAL |
| Asiento principal del original |
Título original : |
| Mención del título original |
Trois contes |
| 590 ## - NOTA LOCAL |
| Enlace |
Inventariado, 2023/VM |
| 650 #4 - ENCABEZAMIENTO DE MATERIA--TEMÁTICO |
| Término temático o nombre geográfico como elemento de entrada |
Cuentos franceses |
| 650 #4 - ENCABEZAMIENTO DE MATERIA--TEMÁTICO |
| Término temático o nombre geográfico como elemento de entrada |
Hospitales |
| Subdivisión de forma |
Cuentos |
| 650 #4 - ENCABEZAMIENTO DE MATERIA--TEMÁTICO |
| Término temático o nombre geográfico como elemento de entrada |
Héroes |
| Subdivisión de forma |
Cuentos |
| 700 1# - ASIENTO SECUNDARIO -- NOMBRE PERSONAL |
| Nombre personal |
Palacios, Germán, |
| Fechas asociadas con el nombre |
1918-2009 |
| Mención de responsabilidad |
ed. |
| 910 ## - VALIDACIÓN |
| Validación |
VMateo V. Control de calidad. BPMSU |
| 942 ## - ADDED ENTRY ELEMENTS (KOHA) |
| Source of classification or shelving scheme |
Dewey Decimal Classification |
| Koha item type |
Libros |